Juan Pablo II a las personas mayores

Gespeichert in:
Bibliographische Detailangaben
Format: Buch
Sprache:Spanisch
Veröffentlicht: Santiago Paulinas 1982
Schriftenreihe:Familia Cristiana, 10
Schlagworte:
Tags: Tag hinzufügen
Keine Tags, Fügen Sie den ersten Tag hinzu!

MARC

LEADER 00000nam a2200000 a 4500
001 UCW4224
003 CL-VaPUC
008 891031e19820000CL |||||||||||||||||spa|d
082 0 4 |a 248.85  |b JUA  |2 21 
245 1 0 |a Juan Pablo II a las personas mayores 
300 |a 30 p 
942 |c BK 
945 |d 19891031 00:00:00 
260 |a Santiago  |b Paulinas  |c 1982 
650 0 |a Vejez   |9 307287 
583 |a last modification  |c 19891031 00:00:00  |k Rodrigo Vera 
490 0 |a Familia Cristiana, 10 
999 |c 218001  |d 217999 
952 |0 0  |1 0  |4 0  |6 248_850000000000000_JUA_1982  |7 0  |8 A  |9 206753  |a BIBEDU  |b BIBEDU  |d 2019-11-15  |i 2745984  |o 248.85 JUA 1982  |p 2745984  |r 2019-11-15  |w 2019-11-15  |y BK  |k EDU 
952 |0 0  |1 0  |4 0  |6 248_850000000000000_JUA_1982  |7 0  |8 A  |9 206754  |a BIBEDU  |b BIBEDU  |d 2019-11-15  |i 2745992  |o 248.85 JUA 1982  |p 2745992  |r 2019-11-15  |w 2019-11-15  |y BK  |k EDU